000 00874cam a2200289 4500
001 20393
005 20230411085951.0
008 060907n1998 sp spa
035 _9funglode20545
035 _a(OCoLC)ocm43758989
020 _a8480882131
020 _a9788480882132
041 1 _aspa
_heng
090 _aHM 261
_bB524c 1998
049 _aGRAL
100 1 _aBernays, Edward L.,
_d1891-1995.
245 1 0 _aCristalizando la opinión pública /
_cEdward L. Bernays Freud.
260 _aBarcelona :
_bEdiciones Gestión 2000,
_c19998.
300 _a170 p. :
_bill. ;
_c23 cm.
490 0 _aBiblioteca clásicos de relaciones públicas
500 _aTranslation of: Crystallissing public opinion, c1923.
650 0 _aPublic opinion.
650 0 _aSocial psychology.
650 0 _aPublicity.
650 4 _aOpinión pública.
942 _2lcc
_cbk
999 _c110164
_d110164